000 00360nam a2200169Ia 4500
100 _aFirdaus/Thoriq
650 _aweb design
942 _cBK
366 _f20
654 _aweb design
245 _aResponsive web design by Example:Begineers Guide
260 _bPACKT
_c2013
082 _a4.65
_bFIR
300 _a317
546 _aENGLISH
999 _c25032
_d25032